| 000 | 00784nam0a22002651 4500 | ||
|---|---|---|---|
| 001 | rc\3492951 | ||
| 005 | 20250610024019.0 | ||
| 021 |
_aRU _b[71-14500] |
||
| 035 | _a(NLR Aleph) 007649728 | ||
| 090 |
_a6215397 _c6215397 |
||
| 100 | _a20130115d1971 |||y0rusy50 ca | ||
| 101 | 0 | _arus | |
| 102 | _aRU | ||
| 105 | _ay z ||||| | ||
| 200 | 1 | _aРазвитие энергетики в Туркменистане | |
| 210 |
_aАшхабад _cТуркменистан _d1971 |
||
| 215 |
_a198 с. _cграф. _d20 |
||
| 320 | _aБиблиогр.: с. 196-197 | ||
| 606 |
_aЭнергетика _yТССР _2psbo |
||
| 700 | 1 |
_aБайрамов _bБ. _gБабакарры |
|
| 801 | 0 |
_aRU _bNLR _gpsbo |
|
| 801 | 1 |
_aRU _bELAR _2rusmarc |
|
| 852 |
_aNLR _j71-3/1288 |
||
| 942 | _cBOOK | ||
| 980 | _aNB | ||